Größte Städte in Niedersachsen - Extrem - Statistiken

Allgemein
  • Dieses Quiz wurde 70 mal gespielt
  • Das Durchschnittsergebnis liegt bei 44 aus 91
Antwortstatistiken
Einwohner Stadt % Korrekt
522.131 Hannover
100%
129.560 Wolfsburg
100%
252.962 Braunschweig
98%
176.614 Oldenburg
98%
49.202 Emden
96%
166.057 Osnabrück
95%
127.259 Göttingen
93%
104.970 Salzgitter
89%
49.697 Cuxhaven
88%
75.745 Wilhelmshaven
88%
74.785 Lüneburg
84%
42.612 Aurich
82%
66.834 Celle
82%
81.406 Delmenhorst
82%
98.510 Hildesheim
82%
47.419 Goslar
79%
36.565 Cloppenburg
74%
32.821 Uelzen
74%
40.886 Buxtehude
72%
34.025 Leer (Ostfriesland)
70%
48.633 Stade
70%
58.244 Hameln
68%
56.498 Lingen (Ems)
68%
50.987 Peine
68%
33.728 Vechta
67%
52.604 Wolfenbüttel
67%
54.142 Langenhagen
65%
36.930 Meppen
65%
25.178 Norden
65%
56.973 Nordhorn
61%
59.903 Garbsen
58%
23.117 Rotenburg (Wümme)
56%
42.726 Gifhorn
54%
32.608 Nienburg (Weser)
54%
27.326 Northeim
54%
32.870 Achim
53%
37.206 Papenburg
53%
27.121 Verden (Aller)
53%
46.436 Melle
51%
44.668 Neustadt am Rübenberge
47%
22.511 Soltau
47%
41.838 Laatzen
46%
29.710 Osterholz-Scharmbeck
44%
25.099 Helmstedt
42%
36.961 Winsen (Luhe)
42%
20.037 Wittmund
42%
34.364 Seelze
40%
28.220 Bramsche
39%
41.737 Buchholz in der Nordheide
39%
29.751 Einbeck
39%
44.255 Lehrte
39%
23.478 Hann. Münden
37%
44.158 Seevetal
37%
23.938 Westerstede
37%
29.698 Bad Zwischenahn
35%
41.211 Wunstorf
35%
31.051 Burgdorf
33%
28.089 Lohne (Oldenburg)
33%
25.889 Nordenham
33%
31.494 Ganderkesee
32%
25.270 Syke
32%
24.704 Varel
32%
33.941 Barsinghausen
30%
20.375 Duderstadt
30%
28.669 Springe
30%
22.638 Stadthagen
30%
31.244 Georgsmarienhütte
28%
25.602 Rinteln
28%
31.093 Geestland
26%
33.913 Stuhr
26%
31.019 Walsrode
26%
30.975 Weyhe
26%
22.896 Rastede
25%
20.379 Burgwedel
23%
21.598 Osterode am Harz
23%
20.995 Schortens
23%
20.064 Uetze
23%
21.155 Wildeshausen
23%
22.685 Friesoythe
21%
24.365 Haren (Ems)
21%
24.074 Isernhagen
21%
23.431 Sehnde
21%
22.614 Wallenhorst
19%
29.803 Wedemark
19%
22.632 Edewecht
16%
20.166 Lilienthal
16%
21.127 Westoverledingen
16%
21.469 Ilsede
14%
23.550 Neu Wulmstorf
14%
23.814 Ronnenberg
14%
23.365 Moormerland
12%
Keine übereinstimmenden Quizze gefunden
Verteilung der Resultate
Anzahl Personen mit jedem Resultat
Perzentil nach korrekt beantworteten Fragen
Ihre Resultats-Entwicklung
Sie haben dieses Quiz noch nicht gespielt